[Event "Open Marianske Lazne 2015 - C - open"]
[Site "Marianske Lazne CZE"]
[Date "2015.01.20"]
[Round "4.18"]
[White "Fokin, Stanislav"]
[Black "Bebel, Agnieszka"]
[Result "1/2-1/2"]
[WhiteElo "2063"]
[BlackElo "1627"]
[PlyCount "47"]
[EventDate "2015.01.17"]
[EventType "swiss"]
[EventRounds "9"]
[EventCountry "CZE"]
[Source "lmi"]
[SourceDate "2015.01.17"]

1. e4 c5 2. Nf3 e6 3. d4 cxd4 4. Nxd4 a6 5. Bd3 Qc7 6. O-O Nf6 7. Qe2 d6 8. c4
Be7 9. Nc3 Nc6 10. Nxc6 bxc6 11. f4 e5 12. f5 h5 13. Be3 Bb7 14. c5 d5 15. Na4
a5 16. Rac1 Rd8 17. exd5 Nxd5 18. Nc3 Nxe3 19. Qxe3 Qd7 20. Rf3 Qd4 21. Qxd4
Rxd4 22. Ne4 O-O 23. f6 gxf6 24. Ng3 1/2-1/2

[Event "Open Marianske Lazne 2015 - C - open"]
[Site "Marianske Lazne CZE"]
[Date "2015.01.20"]
[Round "4.19"]
[White "Friedel, Roland"]
[Black "Allory, Pierre-Jean"]
[Result "0-1"]
[WhiteElo "1674"]
[BlackElo "1848"]
[PlyCount "64"]
[EventDate "2015.01.17"]
[EventType "swiss"]
[EventRounds "9"]
[EventCountry "CZE"]
[Source "lmi"]
[SourceDate "2015.01.17"]

1. d4 d5 2. Nf3 c5 3. c3 Nc6 4. e3 Bg4 5. Nbd2 Qc7 6. Bd3 e5 7. dxe5 O-O-O 8.
Qc2 g6 9. h3 Be6 10. O-O Nxe5 11. Nxe5 Qxe5 12. Nf3 Qf6 13. e4 Bh6 14. e5 Qe7
15. Qa4 Kb8 16. Re1 Bxc1 17. Raxc1 g5 18. Qb5 g4 19. hxg4 Bxg4 20. Nh4 Qg5 21.
g3 Ne7 22. Qxc5 Ng6 23. Qe3 Nxh4 24. gxh4 Qxh4 25. Qg3 Qh5 26. Qh2 Qg5 27. e6+
Ka8 28. f4 Qf6 29. exf7 Qxf7 30. Re5 Rc8 31. Kf2 h5 32. Qh4 Qxf4+ 0-1

[Event "Open Marianske Lazne 2015 - C - open"]
[Site "Marianske Lazne CZE"]
[Date "2015.01.20"]
[Round "4.21"]
[White "Ruzicka, Tomas"]
[Black "Trembowiecka-Wysota, Aleksandra"]
[Result "1-0"]
[WhiteElo "1764"]
[BlackElo "1444"]
[PlyCount "51"]
[EventDate "2015.01.17"]
[EventType "swiss"]
[EventRounds "9"]
[EventCountry "CZE"]
[Source "lmi"]
[SourceDate "2015.01.17"]

1. e4 c5 2. f4 d6 3. Nf3 Nc6 4. Bb5 Bd7 5. O-O Nf6 6. Nc3 a6 7. Bxc6 Bxc6 8. e5
Nd5 9. Ne2 e6 10. d3 Be7 11. c4 Nc7 12. Ng3 O-O 13. b3 Bxf3 14. Qxf3 dxe5 15.
Bb2 exf4 16. Qxf4 Bd6 17. Qg4 e5 18. Nh5 Ne6 19. Rf6 g6 20. Raf1 Nf4 21. R6xf4
exf4 22. Nf6+ Kg7 23. Nxh7+ Kg8 24. Nf6+ Kg7 25. Qh4 Rh8 26. Ne8+ 1-0

[Event "Open Marianske Lazne 2015 - C - open"]
[Site "Marianske Lazne CZE"]
[Date "2015.01.20"]
[Round "4.22"]
[White "Studer, Urs"]
[Black "Czernek, Tymon"]
[Result "0-1"]
[WhiteElo "1458"]
[BlackElo "1695"]
[PlyCount "32"]
[EventDate "2015.01.17"]
[EventType "swiss"]
[EventRounds "9"]
[EventCountry "CZE"]
[Source "lmi"]
[SourceDate "2015.01.17"]

1. e4 c6 2. Nf3 d5 3. exd5 cxd5 4. d4 Nc6 5. Nc3 Bg4 6. Be3 e6 7. Be2 Bb4 8.
Qd2 Nf6 9. O-O Ne4 10. Qd3 Bxc3 11. bxc3 Bf5 12. Qb5 Nxc3 13. Qxb7 Nxe2+ 14.
Kh1 Rc8 15. Rab1 O-O 16. Bf4 Nxf4 0-1

[Event "Open Marianske Lazne 2015 - C - open"]
[Site "Marianske Lazne CZE"]
[Date "2015.01.20"]
[Round "5.1"]
[White "Ivanov, Mikhail M"]
[Black "Shevchenko, Kirill"]
[Result "1/2-1/2"]
[WhiteElo "2394"]
[BlackElo "2247"]
[PlyCount "49"]
[EventDate "2015.01.17"]
[EventType "swiss"]
[EventRounds "9"]
[EventCountry "CZE"]
[Source "lmi"]
[SourceDate "2015.01.17"]

1. Nf3 Nf6 2. c4 g6 3. d4 Bg7 4. g3 O-O 5. Bg2 d6 6. O-O c6 7. Nc3 Bf5 8. Bf4
Ne4 9. Nxe4 Bxe4 10. Qd2 Qb6 11. Rfd1 Re8 12. Bh3 Bxf3 13. exf3 Na6 14. Be3 c5
15. d5 Qxb2 16. Qxb2 Bxb2 17. Rab1 Bf6 18. Rxb7 Reb8 19. Rdb1 Nb4 20. Rxb8+
Rxb8 21. a3 Na6 22. Rxb8+ Nxb8 23. Bc1 Kf8 24. Kf1 Ke8 25. f4 1/2-1/2

[Event "Open Marianske Lazne 2015 - C - open"]
[Site "Marianske Lazne CZE"]
[Date "2015.01.20"]
[Round "5.2"]
[White "Gergel, Vladimir"]
[Black "Lukasiewicz, Anna"]
[Result "1-0"]
[WhiteElo "2232"]
[BlackElo "2102"]
[PlyCount "61"]
[EventDate "2015.01.17"]
[EventType "swiss"]
[EventRounds "9"]
[EventCountry "CZE"]
[Source "lmi"]
[SourceDate "2015.01.17"]

1. e4 c5 2. Nf3 Nc6 3. d4 cxd4 4. Nxd4 e5 5. Nb5 d6 6. N1c3 a6 7. Na3 b5 8. Nd5
Nce7 9. c4 Nxd5 10. cxd5 Be7 11. Nc2 Nf6 12. Bd3 Bg4 13. f3 Bd7 14. O-O O-O 15.
Be3 Nh5 16. Qd2 h6 17. g3 Nf6 18. Nb4 Nh7 19. Rac1 Bg5 20. f4 exf4 21. gxf4 Bh4
22. Nc6 Qe8 23. Qg2 f5 24. Bd4 Nf6 25. e5 Bxc6 26. Rxc6 dxe5 27. fxe5 Ng4 28.
Rxf5 Rxf5 29. Bxf5 Nxe5 30. Be6+ Kh8 31. Bxe5 1-0

[Event "Open Marianske Lazne 2015 - C - open"]
[Site "Marianske Lazne CZE"]
[Date "2015.01.20"]
[Round "5.3"]
[White "Belurkar, Nitish"]
[Black "Stigar, Petter"]
[Result "1/2-1/2"]
[WhiteElo "1967"]
[BlackElo "2213"]
[PlyCount "60"]
[EventDate "2015.01.17"]
[EventType "swiss"]
[EventRounds "9"]
[EventCountry "CZE"]
[Source "lmi"]
[SourceDate "2015.01.17"]

1. e4 e5 2. Nf3 Nf6 3. Nxe5 d6 4. Nf3 Nxe4 5. Qe2 Qe7 6. d3 Nf6 7. Nc3 Bg4 8.
Qxe7+ Bxe7 9. Be2 Nc6 10. Bg5 h6 11. Bxf6 Bxf6 12. Nd5 Bd8 13. O-O-O Be6 14.
Nc3 Ne5 15. Nxe5 dxe5 16. Bf3 c6 17. Rhe1 Bc7 18. Ne4 Bd5 19. c4 Bxe4 20. Bxe4
O-O-O 21. Kc2 g6 22. g3 Rhe8 23. a3 Bb6 24. Re2 Bd4 25. b4 Kc7 26. Rb1 Re6 27.
Rf1 a5 28. Bg2 axb4 29. axb4 Ra8 30. Kb3 Ra1 1/2-1/2

[Event "Open Marianske Lazne 2015 - C - open"]
[Site "Marianske Lazne CZE"]
[Date "2015.01.20"]
[Round "5.4"]
[White "Nguyen, Thai Dai Van"]
[Black "Moncayo Romero, Evelyn"]
[Result "1-0"]
[WhiteElo "2212"]
[BlackElo "2101"]
[PlyCount "73"]
[EventDate "2015.01.17"]
[EventType "swiss"]
[EventRounds "9"]
[EventCountry "CZE"]
[Source "lmi"]
[SourceDate "2015.01.17"]

1. e4 c5 2. Nf3 d6 3. d4 cxd4 4. Nxd4 Nf6 5. Nc3 a6 6. Be3 e5 7. Nb3 b5 8. a4
bxa4 9. Rxa4 Bb7 10. Na5 Qc7 11. Bc4 Nbd7 12. Nxb7 Qxb7 13. Nd5 Be7 14. O-O a5
15. b4 Bd8 16. Nxf6+ Nxf6 17. Qxd6 Be7 18. Qxe5 O-O 19. bxa5 Ng4 20. Qg3 Qd7
21. Bb3 Bd6 22. Bf4 Bc5 23. h3 Nxf2 24. Rxf2 Qd1+ 25. Kh2 Ra6 26. Be3 Rg6 27.
Qf3 Qd6+ 28. Bf4 Qe7 29. Rf1 Qa7 30. e5 Ra6 31. Re4 Rxa5 32. Be3 Ra3 33. Bxc5
Qxc5 34. e6 Qd6+ 35. Kh1 Ra7 36. exf7+ Kh8 37. Re8 1-0

[Event "Open Marianske Lazne 2015 - C - open"]
[Site "Marianske Lazne CZE"]
[Date "2015.01.20"]
[Round "5.5"]
[White "Janik, Igor"]
[Black "Nowak, Kamil"]
[Result "1-0"]
[WhiteElo "2197"]
[BlackElo "1892"]
[PlyCount "59"]
[EventDate "2015.01.17"]
[EventType "swiss"]
[EventRounds "9"]
[EventCountry "CZE"]
[Source "lmi"]
[SourceDate "2015.01.17"]

1. e4 c5 2. Nf3 d6 3. d4 cxd4 4. Nxd4 Nf6 5. Nc3 e6 6. g3 Nc6 7. Bg2 Bd7 8. O-O
Be7 9. Be3 O-O 10. Qe2 Rc8 11. Rad1 Ne5 12. Kh1 Nc4 13. Bc1 a6 14. b3 Na5 15.
Bb2 b5 16. f4 b4 17. Nb1 Qc7 18. Qxa6 Ng4 19. Qe2 e5 20. Nf5 Bxf5 21. exf5 Qxc2
22. Rd2 Qxf5 23. fxe5 Qd7 24. Bd5 Nh6 25. e6 Qd8 26. exf7+ Nxf7 27. Qg4 Bg5 28.
Rdf2 Rc7 29. Qxb4 Nc6 30. Qb6 1-0

[Event "Open Marianske Lazne 2015 - C - open"]
[Site "Marianske Lazne CZE"]
[Date "2015.01.20"]
[Round "5.6"]
[White "Johnsen, Gunnar"]
[Black "Jiruse, Josef"]
[Result "1-0"]
[WhiteElo "2150"]
[BlackElo "2045"]
[PlyCount "37"]
[EventDate "2015.01.17"]
[EventType "swiss"]
[EventRounds "9"]
[EventCountry "CZE"]
[Source "lmi"]
[SourceDate "2015.01.17"]

1. Nf3 d5 2. d4 c6 3. c4 Nf6 4. Qc2 dxc4 5. Qxc4 Bf5 6. g3 Nbd7 7. Bg2 e6 8.
O-O Be7 9. e3 O-O 10. Qe2 Qc7 11. Nc3 Ne4 12. Nd2 Nxd2 13. Bxd2 h6 14. e4 Bh7
15. Rac1 Rac8 16. d5 e5 17. dxc6 Qxc6 18. Bh3 f5 19. exf5 1-0

[Event "Open Marianske Lazne 2015 - C - open"]
[Site "Marianske Lazne CZE"]
[Date "2015.01.20"]
[Round "5.7"]
[White "German, Nikita"]
[Black "Kirsanova, Ekaterina"]
[Result "1-0"]
[WhiteElo "1935"]
[BlackElo "2129"]
[PlyCount "61"]
[EventDate "2015.01.17"]
[EventType "swiss"]
[EventRounds "9"]
[EventCountry "CZE"]
[Source "lmi"]
[SourceDate "2015.01.17"]

1. e4 e6 2. Nf3 d5 3. Nc3 Nf6 4. e5 Nfd7 5. d4 c5 6. dxc5 Nc6 7. Bf4 Nxc5 8. h4
Be7 9. Qd2 a6 10. O-O-O Bd7 11. Kb1 Qa5 12. h5 h6 13. g4 O-O-O 14. a3 Na4 15.
Nxa4 Qxa4 16. Rg1 f6 17. exf6 Bxf6 18. Be3 d4 19. Bf4 e5 20. Bh2 e4 21. Qf4 Qa5
22. Qxe4 Rhe8 23. Qf4 Rf8 24. Qg3 Be7 25. Nd2 b5 26. Bg2 Qb6 27. Rge1 Bg5 28.
Ne4 Bf4 29. Qh3 Bxh2 30. Qxh2 Bxg4 31. Nd6+ 1-0

[Event "Open Marianske Lazne 2015 - C - open"]
[Site "Marianske Lazne CZE"]
[Date "2015.01.20"]
[Round "5.8"]
[White "Pedersen, Henrik Bolding"]
[Black "Kulas, Szymon"]
[Result "1/2-1/2"]
[WhiteElo "2181"]
[BlackElo "2015"]
[PlyCount "55"]
[EventDate "2015.01.17"]
[EventType "swiss"]
[EventRounds "9"]
[EventCountry "CZE"]
[Source "lmi"]
[SourceDate "2015.01.17"]

1. d4 Nf6 2. Nf3 g6 3. Bf4 Bg7 4. e3 O-O 5. Be2 d6 6. h3 Nbd7 7. O-O b6 8. Nbd2
Bb7 9. c3 c5 10. a4 a6 11. Qb1 Rc8 12. Bh2 Qc7 13. Rd1 Qb8 14. e4 Qa8 15. d5
Ne8 16. c4 a5 17. Nf1 Nc7 18. Qc2 Na6 19. Qd2 Nb4 20. Rab1 Rcd8 21. Bd3 Rfe8
22. Re1 Ne5 23. Nxe5 dxe5 24. Ne3 e6 25. Nc2 f5 26. exf5 exf5 27. Nxb4 axb4 28.
Qc2 1/2-1/2

[Event "Open Marianske Lazne 2015 - C - open"]
[Site "Marianske Lazne CZE"]
[Date "2015.01.20"]
[Round "5.9"]
[White "Bretsnajdr, Vladimir"]
[Black "Antolak, Julia"]
[Result "1-0"]
[WhiteElo "2288"]
[BlackElo "1964"]
[PlyCount "71"]
[EventDate "2015.01.17"]
[EventType "swiss"]
[EventRounds "9"]
[EventCountry "CZE"]
[Source "lmi"]
[SourceDate "2015.01.17"]

1. d4 Nf6 2. c4 d6 3. Nf3 g6 4. Nc3 Bg7 5. g3 O-O 6. Bg2 Nc6 7. d5 Na5 8. Nd2
c5 9. O-O a6 10. Qc2 Bd7 11. b3 b5 12. Bb2 Rb8 13. Rab1 Qc7 14. Nd1 Ne8 15.
Bxg7 Nxg7 16. e4 bxc4 17. bxc4 Rxb1 18. Qxb1 Rb8 19. Qc2 Qb6 20. Ne3 Ne8 21.
Rb1 Qc7 22. Rxb8 Qxb8 23. Qc3 Qb6 24. f4 Nb7 25. a3 f6 26. e5 dxe5 27. fxe5
fxe5 28. Qxe5 Qf6 29. Qb8 Qd4 30. Ndf1 Nbd6 31. Qd8 Nf5 32. Qxd7 Neg7 33. d6 e6
34. Qd8+ Kf7 35. Qc7+ Kf6 36. d7 1-0

[Event "Open Marianske Lazne 2015 - C - open"]
[Site "Marianske Lazne CZE"]
[Date "2015.01.20"]
[Round "5.10"]
[White "Wozniak, Mariola"]
[Black "Swicarz, Maciej"]
[Result "1/2-1/2"]
[WhiteElo "1983"]
[BlackElo "2276"]
[PlyCount "55"]
[EventDate "2015.01.17"]
[EventType "swiss"]
[EventRounds "9"]
[EventCountry "CZE"]
[Source "lmi"]
[SourceDate "2015.01.17"]

1. e4 c6 2. d4 d5 3. Nc3 a6 4. Nf3 Bg4 5. Be2 Nf6 6. exd5 cxd5 7. O-O Nc6 8. h3
Bxf3 9. Bxf3 e6 10. Re1 Bb4 11. Qd3 Rc8 12. Bd2 O-O 13. Nd1 Bxd2 14. Qxd2 b5
15. b4 Qd6 16. c3 e5 17. Ne3 e4 18. Be2 Ne8 19. a4 Nc7 20. axb5 axb5 21. Bg4
Rb8 22. Nf5 Qd8 23. f3 exf3 24. Bxf3 g6 25. Qh6 Qf6 26. Ne3 Rbd8 27. Rf1 Qd6
28. h4 1/2-1/2

[Event "Open Marianske Lazne 2015 - C - open"]
[Site "Marianske Lazne CZE"]
[Date "2015.01.20"]
[Round "5.11"]
[White "Jennewein, Norbert"]
[Black "Najart, David"]
[Result "1-0"]
[WhiteElo "1851"]
[BlackElo "2154"]
[PlyCount "107"]
[EventDate "2015.01.17"]
[EventType "swiss"]
[EventRounds "9"]
[EventCountry "CZE"]
[Source "lmi"]
[SourceDate "2015.01.17"]

1. d4 Nf6 2. Nf3 b6 3. Bf4 Bb7 4. c3 g6 5. h3 Bg7 6. e3 O-O 7. Nbd2 d6 8. Be2
Nbd7 9. O-O e6 10. Bh2 Qe7 11. c4 e5 12. Rc1 h6 13. d5 c6 14. dxc6 Bxc6 15. Nb1
Rfc8 16. b3 Rc7 17. Nc3 Rac8 18. Qd2 Nc5 19. Rcd1 Nfe4 20. Nxe4 Nxe4 21. Qb4
Rb7 22. Rc1 Rcb8 23. Rfd1 Bf8 24. Qe1 a5 25. Nd2 Nc5 26. Nb1 Qg5 27. Qf1 Ne4
28. Nc3 Nxc3 29. Rxc3 b5 30. cxb5 Bxb5 31. Bxb5 Rxb5 32. e4 Rb4 33. Rc4 Qe7 34.
Rdc1 Qe6 35. Qd3 g5 36. f3 a4 37. Rxb4 Rxb4 38. Rc4 Rxc4 39. Qxc4 Qxc4 40. bxc4
Be7 41. Kf1 Kf8 42. Ke2 Ke8 43. Kd3 Bd8 44. Bg1 Kd7 45. c5 dxc5 46. Bxc5 Kc6
47. Kc4 Ba5 48. g4 Bd2 49. Bf8 Be3 50. Bxh6 Bf4 51. Bf8 Bd2 52. Be7 Kd7 53. Bb4
Be3 54. Kb5 1-0

[Event "Open Marianske Lazne 2015 - C - open"]
[Site "Marianske Lazne CZE"]
[Date "2015.01.20"]
[Round "5.12"]
[White "Polak, Jiri"]
[Black "Kolovratnik, Milos"]
[Result "0-1"]
[WhiteElo "1893"]
[BlackElo "2087"]
[PlyCount "42"]
[EventDate "2015.01.17"]
[EventType "swiss"]
[EventRounds "9"]
[EventCountry "CZE"]
[Source "lmi"]
[SourceDate "2015.01.17"]

1. e4 c5 2. Nf3 a6 3. c3 d5 4. exd5 Qxd5 5. d4 Nf6 6. Bd3 Bg4 7. Be3 e6 8. Nbd2
Nbd7 9. O-O Be7 10. Qc2 O-O 11. Rfe1 cxd4 12. Bxd4 Bh5 13. Ne5 Bg6 14. Nxg6
hxg6 15. Re3 e5 16. Rg3 exd4 17. Bc4 Qf5 18. Bd3 Qc5 19. Bc4 d3 20. Bxd3 Ne5
21. b4 Qc7 0-1

[Event "Open Marianske Lazne 2015 - C - open"]
[Site "Marianske Lazne CZE"]
[Date "2015.01.20"]
[Round "5.13"]
[White "Malinovsky, Petr"]
[Black "Vacha, Jaroslav"]
[Result "1-0"]
[WhiteElo "2033"]
[BlackElo "1947"]
[PlyCount "51"]
[EventDate "2015.01.17"]
[EventType "swiss"]
[EventRounds "9"]
[EventCountry "CZE"]
[Source "lmi"]
[SourceDate "2015.01.17"]

1. d4 Nf6 2. c4 e6 3. Nc3 d5 4. cxd5 exd5 5. Bg5 Be7 6. Qc2 c6 7. e3 Nbd7 8.
Bd3 Nf8 9. Nge2 Ne6 10. Bh4 h6 11. f3 O-O 12. O-O Re8 13. Rad1 b5 14. h3 Bb7
15. Bf2 a6 16. e4 Nh5 17. Be3 Bh4 18. e5 Ng3 19. Nxg3 Bxg3 20. f4 Kh8 21. f5
Nf8 22. f6 Bh4 23. Qe2 g6 24. Qg4 Bg5 25. Bxg5 hxg5 26. Qxg5 1-0

[Event "Open Marianske Lazne 2015 - C - open"]
[Site "Marianske Lazne CZE"]
[Date "2015.01.20"]
[Round "5.14"]
[White "Klucznik, Andre"]
[Black "Grove, Michael"]
[Result "0-1"]
[WhiteElo "1782"]
[BlackElo "2081"]
[PlyCount "66"]
[EventDate "2015.01.17"]
[EventType "swiss"]
[EventRounds "9"]
[EventCountry "CZE"]
[Source "lmi"]
[SourceDate "2015.01.17"]

1. e4 e5 2. Nf3 Nc6 3. Bb5 f5 4. O-O fxe4 5. Bxc6 exf3 6. Bxf3 Nf6 7. Re1 Be7
8. Rxe5 O-O 9. d4 d5 10. Nc3 c6 11. Bg5 Bd6 12. Re1 Qc7 13. h3 Bf5 14. Rc1 b5
15. a3 Rab8 16. Bxf6 Rxf6 17. Bxd5+ Kh8 18. Be4 Bd7 19. Qd3 Rbf8 20. Nd1 Be6
21. d5 cxd5 22. Bxd5 Bh2+ 23. Kh1 Rd8 24. Qb3 Rxd5 25. Rxe6 Rxe6 26. Ne3 Rde5
27. Qb4 Re8 28. Ng4 Re4 29. Qd2 Bf4 30. Ne3 Bxe3 31. fxe3 Rxe3 32. Rf1 h6 33.
Qf2 Qe5 0-1

[Event "Open Marianske Lazne 2015 - C - open"]
[Site "Marianske Lazne CZE"]
[Date "2015.01.20"]
[Round "5.15"]
[White "Vavra, Pavel"]
[Black "Ruzicka, Tomas"]
[Result "1/2-1/2"]
[WhiteElo "2029"]
[BlackElo "1764"]
[PlyCount "49"]
[EventDate "2015.01.17"]
[EventType "swiss"]
[EventRounds "9"]
[EventCountry "CZE"]
[Source "lmi"]
[SourceDate "2015.01.17"]

1. Nf3 Nf6 2. d4 g6 3. c4 d5 4. Nc3 Bg7 5. Bg5 c6 6. e3 Bg4 7. Bxf6 Bxf6 8.
cxd5 cxd5 9. Bb5+ Nc6 10. Qa4 Qd7 11. Nd2 O-O 12. h3 Be6 13. Nb3 a6 14. Bxc6
Qxc6 15. Qxc6 bxc6 16. Nc5 Bc8 17. Rc1 e5 18. dxe5 Bxe5 19. Nd3 Bd6 20. O-O Rb8
21. b3 Ba3 22. Rcd1 a5 23. Nb1 Bd6 24. Rc1 Ba6 25. Rfd1 1/2-1/2

[Event "Open Marianske Lazne 2015 - C - open"]
[Site "Marianske Lazne CZE"]
[Date "2015.01.20"]
[Round "5.16"]
[White "Voloshin, Pavel"]
[Black "Froehlich, Manuel"]
[Result "1-0"]
[WhiteElo "1998"]
[BlackElo "1689"]
[PlyCount "63"]
[EventDate "2015.01.17"]
[EventType "swiss"]
[EventRounds "9"]
[EventCountry "CZE"]
[Source "lmi"]
[SourceDate "2015.01.17"]

1. e4 c5 2. c3 d5 3. exd5 Qxd5 4. d4 Nc6 5. Nf3 Bg4 6. Be2 e6 7. O-O Rd8 8. Be3
cxd4 9. cxd4 a6 10. h3 Bh5 11. Nc3 Qa5 12. a3 Nf6 13. Qb3 Rd7 14. Rad1 Be7 15.
d5 Nxd5 16. Nxd5 Bxf3 17. Bxf3 exd5 18. Bxd5 Bf6 19. Bxc6 bxc6 20. Rxd7 Kxd7
21. Qxf7+ Kc8 22. Rc1 Qc7 23. Qe6+ Kb7 24. Qb3+ Ka8 25. Qa4 Kb7 26. Rc4 Be7 27.
Qb3+ Ka8 28. Ra4 Qb7 29. Qc4 Rd8 30. Rxa6+ Kb8 31. Rb6 Rd1+ 32. Kh2 1-0

[Event "Open Marianske Lazne 2015 - C - open"]
[Site "Marianske Lazne CZE"]
[Date "2015.01.20"]
[Round "5.17"]
[White "Lichii, Elizaveta"]
[Black "Dmochowska, Agnieszka"]
[Result "0-1"]
[WhiteElo "1642"]
[BlackElo "1913"]
[PlyCount "86"]
[EventDate "2015.01.17"]
[EventType "swiss"]
[EventRounds "9"]
[EventCountry "CZE"]
[Source "lmi"]
[SourceDate "2015.01.17"]

1. e4 c5 2. Nf3 d6 3. d4 cxd4 4. Nxd4 Nf6 5. Nc3 Nc6 6. Be2 e5 7. Nb3 Be7 8.
O-O O-O 9. Be3 a5 10. a4 Nb4 11. f4 b6 12. Bf3 Bb7 13. Qd2 Rc8 14. Qf2 Nd7 15.
Rac1 Rxc3 16. bxc3 Na2 17. Ra1 Nxc3 18. Nd2 Bc6 19. Nc4 Nxa4 20. Rxa4 Bxa4 21.
Nxb6 Nxb6 22. Bxb6 Qa8 23. fxe5 dxe5 24. Ra1 Qc6 25. Kh1 Bb4 26. c4 Ra8 27. Qe3
h6 28. h3 Qe8 29. c5 Bd7 30. Qb3 Qe7 31. Qd5 Qe8 32. Bc7 Bc3 33. Ra3 Bb2 34.
Rxa5 Rxa5 35. Bxa5 Bd4 36. Bb6 Qc8 37. Kh2 Be6 38. Qd6 Qa6 39. Qd8+ Kh7 40. Bg4
Qf1 41. Bf5+ Bxf5 42. exf5 Bg1+ 43. Kh1 Bf2+ 0-1

[Event "Open Marianske Lazne 2015 - C - open"]
[Site "Marianske Lazne CZE"]
[Date "2015.01.20"]
[Round "5.18"]
[White "Horyna, Josef"]
[Black "Luczak, Filip"]
[Result "1/2-1/2"]
[WhiteElo "1866"]
[BlackElo "1535"]
[PlyCount "67"]
[EventDate "2015.01.17"]
[EventType "swiss"]
[EventRounds "9"]
[EventCountry "CZE"]
[Source "lmi"]
[SourceDate "2015.01.17"]

1. d4 Nf6 2. Nf3 e6 3. g3 b6 4. Bg2 Bb7 5. O-O Be7 6. c4 O-O 7. Nc3 d6 8. Re1
Nbd7 9. e4 e5 10. d5 a5 11. Bg5 Nxd5 12. cxd5 Bxg5 13. Nxg5 Qxg5 14. Nb5 Qd8
15. Rc1 Nc5 16. Rc3 Ba6 17. Bf1 f5 18. exf5 Qd7 19. a4 Qxf5 20. f3 Rf7 21. b3
Raf8 22. Ree3 Bb7 23. Bc4 Qg6 24. Be2 Bc8 25. Bd3 Nxd3 26. Qxd3 Qxd3 27. Rcxd3
Ba6 28. Rc3 Bxb5 29. axb5 Ra8 30. Re4 Re8 31. h4 g6 32. Kf2 Kg7 33. Ke2 Ree7
34. Rc1 1/2-1/2

[Event "Open Marianske Lazne 2015 - C - open"]
[Site "Marianske Lazne CZE"]
[Date "2015.01.20"]
[Round "5.19"]
[White "De Graaf, Arnoud"]
[Black "Korolewicz, Pawel"]
[Result "0-1"]
[WhiteElo "1855"]
[BlackElo "1388"]
[PlyCount "46"]
[EventDate "2015.01.17"]
[EventType "swiss"]
[EventRounds "9"]
[EventCountry "CZE"]
[Source "lmi"]
[SourceDate "2015.01.17"]

1. Nf3 d5 2. c4 e6 3. d4 Nf6 4. g3 c5 5. Bg2 dxc4 6. Qa4+ Bd7 7. Qxc4 Bc6 8.
O-O Be7 9. dxc5 Nbd7 10. b4 a5 11. Ba3 axb4 12. Bxb4 Nd5 13. Nc3 Nxb4 14. Qxb4
Bxc5 15. Qc4 Qe7 16. Rad1 O-O 17. a4 Nb6 18. Qb3 Nd5 19. Ne5 Qf6 20. Ne4 Bxf2+
21. Nxf2 Qxe5 22. e4 Nc3 23. Rde1 Nxa4 0-1

[Event "Open Marianske Lazne 2015 - C - open"]
[Site "Marianske Lazne CZE"]
[Date "2015.01.20"]
[Round "5.20"]
[White "Bebel, Agnieszka"]
[Black "Simkin, Alexander"]
[Result "1-0"]
[WhiteElo "1627"]
[BlackElo "1844"]
[PlyCount "101"]
[EventDate "2015.01.17"]
[EventType "swiss"]
[EventRounds "9"]
[EventCountry "CZE"]
[Source "lmi"]
[SourceDate "2015.01.17"]

1. e4 c5 2. Nf3 d6 3. d4 cxd4 4. Nxd4 Nf6 5. f3 a6 6. c4 Nc6 7. Nc3 e6 8. Be3
Be7 9. Qd2 O-O 10. Be2 Qc7 11. O-O Rd8 12. Rfd1 Bd7 13. Rac1 Rac8 14. Bf1 Nxd4
15. Bxd4 Bc6 16. Qf2 Nd7 17. b4 e5 18. Be3 b6 19. g3 Qb8 20. b5 axb5 21. cxb5
Ba8 22. Bh3 Rc4 23. Bxd7 Rxd7 24. Bxb6 Qc8 25. Qd2 Qb8 26. Be3 h6 27. a4 Bd8
28. Qa2 Rdc7 29. Ne2 Rxc1 30. Rxc1 Rxc1+ 31. Nxc1 Qc7 32. Ne2 Qa5 33. Kf1 Bb7
34. Qc4 Kf8 35. Nc3 Ke8 36. Ke2 Bb6 37. Bc1 Bc5 38. Bd2 Qa7 39. Nd1 Qa8 40. Be3
Qc8 41. Bxc5 dxc5 42. g4 Qc7 43. Nb2 Qe7 44. Nd3 Qh4 45. Qxc5 Qxh2+ 46. Nf2 Kd7
47. a5 Qf4 48. a6 Ba8 49. Qa7+ Ke6 50. Qxa8 Qc1 51. Qc6+ 1-0

[Event "Open Marianske Lazne 2015 - C - open"]
[Site "Marianske Lazne CZE"]
[Date "2015.01.20"]
[Round "5.21"]
[White "Szulc, Patrycja"]
[Black "Svec, Jan"]
[Result "1-0"]
[WhiteElo "1367"]
[BlackElo "1800"]
[PlyCount "39"]
[EventDate "2015.01.17"]
[EventType "swiss"]
[EventRounds "9"]
[EventCountry "CZE"]
[Source "lmi"]
[SourceDate "2015.01.17"]

1. e4 e6 2. d4 d5 3. Nd2 Nf6 4. e5 Nfd7 5. Bd3 c5 6. c3 Nc6 7. Ne2 cxd4 8. cxd4
f6 9. exf6 Nxf6 10. Nf3 h6 11. Bg6+ Kd7 12. O-O Bd6 13. Bf4 Qc7 14. Bxd6 Qxd6
15. Qa4 Kd8 16. Rfe1 Ne7 17. Ne5 Rf8 18. Nf4 Bd7 19. Nxd7 Qxf4 20. Nxf8 1-0

[Event "Open Marianske Lazne 2015 - C - open"]
[Site "Marianske Lazne CZE"]
[Date "2015.01.21"]
[Round "6.1"]
[White "Shevchenko, Kirill"]
[Black "Bartos, Jan"]
[Result "1/2-1/2"]
[WhiteElo "2247"]
[BlackElo "2159"]
[PlyCount "97"]
[EventDate "2015.01.17"]
[EventType "swiss"]
[EventRounds "9"]
[EventCountry "CZE"]
[Source "lmi"]
[SourceDate "2015.01.17"]

1. e4 e5 2. Nf3 Nc6 3. Bb5 Nge7 4. Nc3 Ng6 5. d4 exd4 6. Nxd4 Nxd4 7. Qxd4 c6
8. Be2 Qb6 9. Qd3 Be7 10. O-O O-O 11. a3 d6 12. Be3 Qc7 13. Rad1 f5 14. Qc4+
Kh8 15. Nd5 Qd8 16. Nxe7 Qxe7 17. exf5 Bxf5 18. Qd4 Bxc2 19. Rd2 Be4 20. Qxd6
Qxd6 21. Rxd6 Nf4 22. Bxf4 Rxf4 23. Rd4 c5 24. Rc4 b5 25. Rxc5 a6 26. Rd1 Rf7
27. Rdc1 g6 28. f3 Bf5 29. Rd5 Re7 30. Kf2 Rae8 31. Rd2 h5 32. Rc6 Re6 33. Rxe6
Rxe6 34. Rd8+ Kg7 35. Bd3 Bxd3 36. Rxd3 Rc6 37. Rd7+ Kf6 38. Kg3 Ke5 39. Rd2 a5
40. Re2+ Kd4 41. Kf4 Kd3 42. Re3+ Kc2 43. b4 a4 44. Kg5 Rc3 45. Re5 Kb3 46.
Kxg6 Kxa3 47. Rxb5 Rc2 48. Kxh5 Rxg2 49. h4 1/2-1/2

[Event "Open Marianske Lazne 2015 - C - open"]
[Site "Marianske Lazne CZE"]
[Date "2015.01.21"]
[Round "6.2"]
[White "Golcman, Evgeny"]
[Black "Gergel, Vladimir"]
[Result "1-0"]
[WhiteElo "2117"]
[BlackElo "2232"]
[PlyCount "33"]
[EventDate "2015.01.17"]
[EventType "swiss"]
[EventRounds "9"]
[EventCountry "CZE"]
[Source "lmi"]
[SourceDate "2015.01.17"]

1. c4 f5 2. Nf3 Nf6 3. g3 d6 4. d4 g6 5. Bg2 Bg7 6. Nc3 O-O 7. O-O c6 8. d5 Qc7
9. Nd4 a6 10. e4 c5 11. Nf3 e5 12. dxe6 Bxe6 13. Bf4 Rd8 14. exf5 Bxc4 15. Ng5
Nc6 16. Nd5 Bxd5 17. Bxd5+ 1-0